我的箱子 (Record no. 65571)

000 -LEADER
fixed length control field 00509nam a22001937a 4500
003 - CONTROL NUMBER IDENTIFIER
control field MPLRDC
005 - DATE AND TIME OF LATEST TRANSACTION
control field 20220104194219.0
008 - FIXED-LENGTH DATA ELEMENTS--GENERAL INFORMATION
fixed length control field 210129b ||||| |||| 00| 0 eng d
020 ## - INTERNATIONAL STANDARD BOOK NUMBER
International Standard Book Number 978-957-08-4152-7
082 ## - DEWEY DECIMAL CLASSIFICATION NUMBER
Classification number 783.3886 YMQ
100 ## - MAIN ENTRY--PERSONAL NAME
Personal name 一青妙
245 ## - TITLE STATEMENT
Title 我的箱子
Statement of responsibility, etc. 辛如意 译
250 ## - EDITION STATEMENT
Edition statement 初版
260 ## - PUBLICATION, DISTRIBUTION, ETC.
Place of publication, distribution, etc. 台湾
Name of publisher, distributor, etc. 联经出版事业股份有限公司
Date of publication, distribution, etc. 2013
300 ## - PHYSICAL DESCRIPTION
Other physical details
490 ## - SERIES STATEMENT
Series statement 联经文库
650 ## - SUBJECT ADDED ENTRY--TOPICAL TERM
Topical term or geographic name entry element 日本人物传记--一青妙
942 ## - ADDED ENTRY ELEMENTS (KOHA)
Koha item type New Book
-- 783.3886 YMQ
Holdings
Withdrawn status Lost status Source of classification or shelving scheme Damaged status Not for loan Collection code Home library Current library Shelving location Date acquired Cost, normal purchase price Total Checkouts Full call number Date last seen Date last checked out Price effective from Koha item type
            Malaysian Public Library, Research and Development Centre Malaysian Public Library, Research and Development Centre   08/10/2015 48.60   783.3886 YMQ 18/03/2021 11/10/2016 18/03/2021 Book

© 2022. Malaysian Public Library, Research and Development Centre. All Right ReservedE-mailmplrdc@help.edu.my 

Powered by Koha